[Event "CUB School-chT"]
[Site "Santa Clara"]
[Date "2017.07.16"]
[Round "8.5"]
[White "Frometa Romero, Oscar Luis"]
[Black "Alvarez Calzadilla, Jose Avelino"]
[Result "0-1"]
[WhiteElo "1700"]
[BlackElo "2153"]
[PlyCount "56"]
[EventDate "2017.07.13"]
[EventType "team-swiss"]
[EventRounds "9"]
[EventCountry "CUB"]
[SourceTitle "EXT 2023"]
[Source "ChessBase"]
[SourceDate "2022.10.05"]
[SourceVersion "1"]
[SourceVersionDate "2022.10.05"]
[SourceQuality "1"]

1. d4 Nf6 2. Nf3 g6 3. c4 Bg7 4. Nc3 0-0 5. e4 d6 6. Be2 e5 7. 0-0 exd4 8. Nxd4 Re8 9. Bd3 Na6 10. Bg5 c6 11. Rc1 Qa5 12. Bf4 Nh5 13. Be3 Nc5 14. Nb3 Nxb3 15. axb3 Nf6 16. Ra1 Qc7 17. Rxa7 Rxa7 18. Bxa7 b6 19. Qa1 Re7 20. Bxb6 Qxb6 21. Bc2 Qc5 22. Qa8 Re8 23. Na4 Qe5 24. Qxc6 Bd7 25. Qb7 Ng4 26. g3 Bxa4 27. bxa4 Qxb2 28. Qxb2 Bxb2 0-1

[Event "Chessung Gp4"]
[Site "Guantanamo"]
[Date "2017.02.18"]
[Round "4.1"]
[White "Zamora Pena, Norbel"]
[Black "Frometa Romero, Oscar Luis"]
[Result "1-0"]
[WhiteElo "1875"]
[BlackElo "1657"]
[PlyCount "57"]
[EventDate "2017.02.16"]
[EventType "tourn"]
[EventRounds "10"]
[EventCountry "CUB"]
[SourceTitle "EXT 2023"]
[Source "ChessBase"]
[SourceDate "2022.10.05"]
[SourceVersion "1"]
[SourceVersionDate "2022.10.05"]
[SourceQuality "1"]

1. e4 d5 2. exd5 Qxd5 3. Nc3 Qd6 4. d3 Nf6 5. Nf3 Bg4 6. Be2 e6 7. h3 Bh5 8. d4 Nbd7 9. Nb5 Qc6 10. Bf4 Nd5 11. Bh2 Bxf3 12. gxf3 a6 13. c4 Bb4+ 14. Kf1 axb5 15. cxd5 Qxd5 16. Bxc7 Rxa2 17. Rxa2 Qxa2 18. Bxb5 Qxb2 19. Bg3 Qd2 20. Qa4 Qxd4 21. Qa8+ Ke7 22. Qxh8 Qd5 23. Bxd7 Qxf3 24. Qe8+ Kf6 25. Qd8+ Kg6 26. Rg1 Qd1+ 27. Kg2 Qd5+ 28. Kh2 h5 29. Be5+ 1-0